LEADER 00739nam0-22002651i-450- 001 990009190540403321 005 20100527122818.0 010 $a0-07-115755-7 035 $a000919054 035 $aFED01000919054 035 $a(Aleph)000919054FED01 035 $a000919054 100 $a20100527d1998----km-y0itay50------ba 101 0 $aeng 105 $a--------001yy 200 1 $aDesign and optimization of thermal systems$fJaluria Y. 210 $aSingapore$cMcGraw-Hill$d1998 700 1$aJaluria,$bYogesh$014477 801 0$aIT$bUNINA$gRICA$2UNIMARC 901 $aBK 912 $a990009190540403321 952 $a00 A2357$b4828$fDETEC 959 $aDETEC 996 $aDesign and optimization of thermal systems$933019 997 $aUNINA LEADER 01399nam0 2200349 i 450 001 VAN00103354 005 20250206020839.858 017 70$2N$a9783319048611 100 $a20151103d2014 |0itac50 ba 101 $aeng 102 $aCH 105 $a|||| ||||| 200 1 $aJanus-faced probability$fPaolo Rocchi 210 $aCham$cSpringer$d2014 215 $aXIII, 147 p.$cill.$d24 cm 500 1$3VAN00240736$aJanus-faced probability$91410245 606 $a60Axx$xFoundations of probability theory [MSC 2020]$3VANC024385$2MF 606 $a62Axx$xFoundational topics in statistics [MSC 2020]$3VANC025026$2MF 610 $aFrequentist theory$9KW:K 610 $aProbability interpretation$9KW:K 610 $aSubjective theory$9KW:K 620 $aCH$dCham$3VANL001889 700 1$aRocchi$bPaolo$cmatematico$3VANV080651$0441156 712 $aSpringer $3VANV108073$4650 801 $aIT$bSOL$c20250207$gRICA 856 4 $uhttp://dx.doi.org/10.1007/978-3-319-04861-1$zE-book ? Accesso al full-text attraverso riconoscimento IP di Ateneo, proxy e/o Shibboleth 899 $aBIBLIOTECA CENTRO DI SERVIZIO SBA$2VAN15 912 $fN 912 $aVAN00103354 950 $aBIBLIOTECA CENTRO DI SERVIZIO SBA$d15CONS SBA EBOOK 4738 $e15EB 4738 20191107 996 $aJanus-faced probability$91410245 997 $aUNICAMPANIA